Vista normal
Vista MARC
Entrada Materia (tema)
Número de registros utilizados en: 1
001 - CONTROL NUMBER
- control field: 47031
003 - CONTROL NUMBER IDENTIFIER
- control field: Co-BoUCM
005 - DATE AND TIME OF LATEST TRANSACTION
- control field: 20131002101505.0
008 - FIXED-LENGTH DATA ELEMENTS
- fixed length control field: 131002|| aca||aabn | a|a d
040 ## - CATALOGING SOURCE
- Original cataloging agency: Co-BoUCM
- Transcribing agency: Co-BoUCM
150 ## - HEADING--TOPICAL TERM
- Topical term or geographic name as entry element: Paranormal fiction
670 ## - SOURCE DATA FOUND
- Source citation: Work cat.: (Co-BoUCM)180836: Hearn, Lafcadio 1850-1904 47029, Kwaidan, 2004